[Event "BCF-ch"]
[Site "Hove"]
[Date "1997.??.??"]
[Round "6"]
[White "Roktim, Bandyopadhyay"]
[Black "Mortazavi, Ali"]
[Result "0-1"]
[WhiteElo "2275"]
[BlackElo "2390"]

1.Nf3 Nf6 2.g3 b6 3.Bg2 Bb7 4.O-O c5 5.c4 e6 6.Nc3 Be7 7.Re1 d6 8.e4 a6 9.d4 cxd4
10.Nxd4 Qc7 11.Be3 O-O 12.Rc1 Nbd7 13.f4 Rfe8 14.g4 h6 15.g5 hxg5 16.fxg5 Nh7
17.g6 Nhf8 18.gxf7+ Kxf7 19.Nce2 Bf6 20.Nf4 Nc5 21.Nh5 Nfd7 22.Rf1 Ne5 23.Nxf6 gxf6
24.Qh5+ Kg8 25.Bh6 Nxe4 26.Bxe4 Bxe4 27.Rce1 Qh7 28.Re3 Kh8 29.Rxe4 Qxe4
30.Bg5+ Kg8  0-1

[Event "HUN-chT 9798"]
[Site "Hungary"]
[Date "1997.??.??"]
[Round "?"]
[White "Jamrich, Gyorgy"]
[Black "Pergel, Laszlo"]
[Result "0-1"]
[WhiteElo "2235"]
[BlackElo "2180"]

1.c4 c5 2.Nf3 Nf6 3.g3 b6 4.Bg2 Bb7 5.O-O e6 6.Nc3 Be7 7.d4 cxd4 8.Nxd4 Bxg2
9.Kxg2 Qc8 10.Qa4 O-O 11.Bf4 a6 12.Bxb8 Qb7+ 13.Kg1 Raxb8 14.Rfd1 Rbc8 15.Qb3 Rc7
16.Na4 Rb8 17.Rac1 Ne4 18.Qf3 Rbc8 19.Nxb6 Qxb6 20.Qxe4 Qxb2 21.Rc2 Qb6 22.Qd3 h5
23.Rdc1 h4 24.g4 Bc5 25.e3 Qb7 26.h3 g6 27.Qe2 Qe4 28.Nf3 Ba3 29.Rd1 Rxc4
30.Rxc4 Rxc4 31.Nd2 Qc2 32.Qf3 Ra4 33.Nb3 d5 34.Nd4 Qc7 35.Qe2 Rc4 36.Kg2 Bc5
37.Nf3 Be7 38.Rb1 a5 39.Qd3 Rc2 40.Qb5 Qg3+  0-1

[Event "World Cities"]
[Site "Jakarta "]
[Date "1997.??.??"]
[Round "9"]
[White "Ginting, Nasib"]
[Black "Foo Hsiang Ming"]
[Result "1-0"]
[WhiteElo "2425"]
[BlackElo "2190"]

1.Nf3 Nf6 2.c4 c5 3.g3 b6 4.Bg2 Bb7 5.O-O e6 6.Nc3 Be7 7.Re1 O-O 8.e4 d6
9.d4 cxd4 10.Nxd4 Qc7 11.b3 a6 12.Bb2 Nbd7 13.Qe2 Rac8 14.Rad1 Qb8 15.f4 Rfd8
16.f5 exf5 17.Nxf5 Bf8 18.Qd2 Ne5 19.Nd5 Bxd5 20.exd5 Qa7 21.Kh1 Re8 22.Nd4 Qd7
23.h3 b5 24.cxb5 axb5 25.Nc6 Qf5 26.g4 Nfxg4 27.hxg4 Nxg4 28.Kg1 Qh5 29.Qf4 Qh4
30.Bc3 g6 31.Qd4 f6 32.Re6 Rxe6 33.dxe6 Bh6 34.Bd2 Qh2+ 35.Kf1 Qg3 36.Bd5 Qh3+
37.Ke2 Qh2+ 38.Kd3 Nf2+ 39.Kc2 Nxd1 40.Kxd1 Re8 41.Bxh6  1-0

[Event "Kastel Stari op"]
[Site "Kastel Stari"]
[Date "1997.??.??"]
[Round "3"]
[White "Delchev, Aleksander"]
[Black "Hulak, Krunoslav"]
[Result "1-0"]
[WhiteElo "2515"]
[BlackElo "2525"]

1.Nf3 c5 2.c4 Nf6 3.g3 b6 4.Bg2 Bb7 5.O-O e6 6.b3 d6 7.Bb2 Nbd7 8.Nc3 Be7
9.d4 cxd4 10.Qxd4 a6 11.Rfd1 Qc7 12.Ng5 Bxg2 13.Kxg2 Rd8 14.Kg1 h6 15.Nge4 Nc5
16.Nxc5 bxc5 17.Qf4 Qc6 18.Rd3 O-O 19.Rad1 Ne8 20.Qf3 Qc8 21.Bc1 Qc7 22.g4 Rd7
23.Qg2 Qd8 24.Be3 Qc8 25.Ne4 d5 26.cxd5 exd5 27.g5 d4 28.Bf4 hxg5 29.Bxg5 f5
30.Nd2 Bxg5 31.Qxg5 Qc6 32.Nc4 Qe6 33.Kf1 Re7 34.e3 f4 35.exd4 Rf5 36.Qg4 Nf6
37.Qf3 cxd4 38.Rxd4 Ne4 39.Rxe4 Qxe4 40.Qxe4 Rxe4 41.Nd6 Ree5 42.Nxf5 Rxf5
43.Kg2 a5 44.Rd4 g5 45.Kf3 Rc5 46.Ra4 Kg7 47.Kg4 Kg6 48.Rc4 Rd5 49.Rc6+ Kf7
50.Ra6 Rd2 51.Rxa5 Rxf2 52.Kxg5 Rxh2 53.Kxf4 Re2 54.Kf3 Re1 55.Rd5 Ke6 56.Rd2 Rh1
57.Ke4 Rh4+ 58.Kd3 Kd5 59.Kc3+ Kc5 60.a4  1-0

[Event "Koge op"]
[Site "Koge"]
[Date "1997.??.??"]
[Round "8"]
[White "Pedersen, Hans"]
[Black "Nilsson, Nils Specht"]
[Result "1/2-1/2"]
[WhiteElo "2165"]
[BlackElo "2225"]

1.Nf3 Nf6 2.c4 e6 3.g3 b6 4.Bg2 Bb7 5.O-O c5 6.b3 Be7 7.Bb2 O-O 8.d3 d5 9.e3 Nc6
10.Qe2 Re8 11.e4 d4 12.e5 Nd7 13.Nbd2 Qc7 14.Rfe1 a5 15.a4 Nb4 16.Nf1 Bf8
17.h4 g6 18.Bc1 Bg7 19.Bf4 Bc6 20.N1h2 Rf8 21.Ng4 Qb7 22.Rad1 Na2 23.Qxa2 Bxf3
24.Bxf3 Qxf3 25.Nh2 Qc6 26.Qe2 Rae8 27.Qf3 Nb8 28.Re4 Nd7 29.Re2 Qxf3 30.Nxf3 Nb8
31.Kg2 Nc6 32.Rh1 Nb4 33.Rd1 h6 34.Nh2 Kh7 35.Ng4 Rc8 36.Bc1 h5 37.Nh2 Nc6
38.Nf3 Rce8 39.Bf4 Bh6 40.Bxh6 Kxh6 41.Rde1 Ne7 42.Ng5 Nf5 43.Ne4 Kg7 44.Ra1 Nh6
45.Nf6 Rd8 46.Rae1 Ng8 47.Nxg8 Rxg8 48.f4 Rgf8 49.Re4 Rde8 50.R4e2 f6 51.exf6+ Rxf6
52.Re5 Kf7 53.R1e2 Rf5 54.Rxf5+ gxf5 55.Kf3 Ke7 56.Kf2 Kd6 57.Re5 Rg8  1/2-1/2

[Event "La Pobla de Lillet op"]
[Site "La Pobla de Lillet"]
[Date "1997.??.??"]
[Round "5"]
[White "Garcia Ares, Felix"]
[Black "Kovacevic, Slobodan"]
[Result "1-0"]
[WhiteElo "2250"]
[BlackElo "2420"]

1.Nf3 c5 2.c4 Nf6 3.g3 b6 4.Bg2 Bb7 5.O-O e6 6.Nc3 a6 7.d4 cxd4 8.Nxd4 Bxg2
9.Kxg2 d6 10.e4 Qc8 11.Be3 Nbd7 12.Rc1 Ra7 13.b3 Rc7 14.Nde2 Be7 15.f3 O-O
16.g4 Rd8 17.g5 Ne8 18.f4 Qb7 19.f5 b5 20.fxe6 fxe6 21.Nd4 b4 22.Nxe6 bxc3
23.Qf3 Nef6 24.Nxc7 Qxc7 25.Bd4 Qa5 26.gxf6 Bxf6 27.Bxf6 Nxf6 28.Qxc3 Qxa2+
29.Kh1 Qe2 30.Rce1 Qh5 31.Rxf6 gxf6 32.Qxf6  1-0

[Event "La Pobla de Lillet op"]
[Site "La Pobla de Lillet"]
[Date "1997.??.??"]
[Round "7"]
[White "Marin Ionescu, Luiza"]
[Black "Ayas, Antonio"]
[Result "0-1"]
[WhiteElo "2220"]
[BlackElo "2310"]

1.Nf3 Nf6 2.g3 b6 3.Bg2 Bb7 4.O-O c5 5.c4 e6 6.b3 Be7 7.Bb2 O-O 8.Nc3 a6
9.e3 d5 10.Qe2 Nc6 11.Rfd1 dxc4 12.bxc4 Qc7 13.d3 Rfd8 14.Rab1 Rab8 15.Ba1 Ba8
16.Ne1 Bf8 17.f4 Na7 18.Bxa8 Rxa8 19.g4 Rab8 20.g5 Ne8 21.Ne4 Nc6 22.Qg4 Nd6
23.Nxd6 Bxd6 24.Nf3 b5 25.cxb5 axb5 26.Nd2 Ne7 27.Rbc1 Nf5 28.Qf3 Qb7 29.e4 Nd4
30.Bxd4 cxd4 31.e5 Ba3 32.Qxb7 Rxb7 33.Rc6 h6 34.gxh6 gxh6 35.Kf2 Kh8 36.Rg1 Bf8
37.Nb3 Ra7 38.Rc2 Rda8 39.Nxd4 Rxa2 40.Rxa2 Rxa2+ 41.Ke3 Bc5 42.Rc1 Ba7 43.Ke4 Ra4
44.Rc8+ Kg7 45.Rd8 Bxd4 46.Rxd4 Kg6 47.Ke3 Rxd4 48.Kxd4 Kf5 49.Kc5 Kxf4  0-1

[Event "Leon op"]
[Site "Leon"]
[Date "1997.??.??"]
[Round "4"]
[White "Romero Holmes, Alfonso"]
[Black "Gomez Esteban, Juan Mario"]
[Result "0-1"]
[WhiteElo "2465"]
[BlackElo "2490"]

1.c4 Nf6 2.Nf3 e6 3.g3 b6 4.Bg2 Bb7 5.O-O c5 6.Nc3 Be7 7.Re1 d6 8.e4 a6 9.d4 cxd4
10.Nxd4 Qc7 11.b3 O-O 12.Bb2 Nbd7 13.Qe2 Rfe8 14.Rac1 Bf8 15.Nc2 Rac8 16.Ne3 Nc5
17.f3 Qb8 18.Red1 Ncd7 19.Rc2 Bc6 20.Ba3 h6 21.Rcd2 Nc5 22.Qf2 Red8 23.Ne2 Ba8
24.Bb2 Ncd7 25.Nd4 b5 26.cxb5 axb5 27.a3 d5 28.exd5 Nxd5 29.Nxd5 Bxd5 30.f4 Nf6
31.b4 Ne4 32.Bxe4 Bxe4 33.Qe2 Ba8 34.Qxb5 Qa7 35.h3 Rd5 36.Qe2 Rcd8 37.Kh2 Qb7
38.Qf1 Qd7 39.Bc3 Qc7 40.Bb2 Qd7 41.Qe2 Qa4 42.Rc1 Qd7 43.Rcd1 Qb7 44.Rc1 R5d7
45.Rg1 Qd5 46.Rgd1 Be7 47.Nb3 Qb7 48.Rxd7 Rxd7 49.Rxd7 Qh1+  0-1

[Event "Lichtenstein op"]
[Site "Lichtenstein"]
[Date "1997.??.??"]
[Round "5"]
[White "Thoma, Robert"]
[Black "Habibi, Ali"]
[Result "1-0"]
[WhiteElo "2255"]
[BlackElo "2345"]

1.Nf3 Nf6 2.g3 b6 3.Bg2 Bb7 4.c4 c5 5.O-O e6 6.Nc3 a6 7.d4 d6 8.d5 e5 9.e4 g6
10.a4 Bg7 11.Ne1 O-O 12.Nd3 Nbd7 13.Bg5 h6 14.Bd2 Ne8 15.f4 exf4 16.gxf4 Ra7
17.Qf3 Bc8 18.Rae1 Qh4 19.Qg3 Qxg3 20.hxg3 Ndf6 21.Nf2 Nh5 22.Kh2 Bd4 23.Bf3 Nhf6
24.e5 Bxf2 25.Rxf2 Ng4+ 26.Bxg4 Bxg4 27.Ne4 f6 28.e6 Ra8 29.Bc3 Kg7 30.Rd2 b5
31.axb5 axb5 32.cxb5 Kh7 33.Bxf6 Rb8 34.Bc3  1-0

[Event "Linares Mex"]
[Site "Linares"]
[Date "1997.??.??"]
[Round "6"]
[White "Blanco Sing, Israel"]
[Black "Pineda, Boris"]
[Result "1-0"]
[WhiteElo "2365"]
[BlackElo "2245"]

1.Nf3 Nf6 2.g3 b6 3.Bg2 Bb7 4.O-O e6 5.c4 c5 6.Nc3 Be7 7.d4 cxd4 8.Qxd4 a6
9.Be3 Bc5 10.Qf4 Bxe3 11.Qxe3 O-O 12.Rfd1 Nc6 13.Rd6 Rb8 14.Rad1 Ne7 15.Qf4 b5
16.Ne5 Ng6 17.Nxg6 hxg6 18.Bxb7 Rxb7 19.c5 b4 20.c6 Rb6 21.Na4 Rb5 22.e4 g5
23.Qf3 Qc7 24.cxd7 Rd8 25.Qd3 Qb7 26.Qc4 Rxd7 27.Rxd7 Nxd7 28.Rc1 Nf6 29.Nc5 Qc6
30.b3 Ng4 31.Qd4 Qb6 32.Rc4 e5 33.Qd5 Qh6 34.h4 Qf6 35.f4 gxf4 36.Qa8+ Kh7
37.Nd7 Qe7 38.Rc7 Qd6 39.Nf8+ Kh6 40.Rc6 Rb6 41.Rxd6+ Rxd6 42.gxf4 exf4  1-0

[Event "Linz op"]
[Site "Linz"]
[Date "1997.??.??"]
[Round "2"]
[White "Porubszki, Georg"]
[Black "Hellmayr, Alois"]
[Result "0-1"]
[WhiteElo "2045"]
[BlackElo "2240"]

1.Nf3 Nf6 2.c4 e6 3.g3 b6 4.Bg2 Bb7 5.O-O c5 6.b3 Be7 7.Bb2 O-O 8.d3 d5 9.Ne5 Nbd7
10.e3 Qc7 11.Nxd7 Qxd7 12.Qc2 Rfd8 13.d4 dxc4 14.Qxc4 Bxg2 15.Kxg2 Rac8 16.Qe2 cxd4
17.Bxd4 Qc6+ 18.Qf3 Qc2 19.Qb7 Rc7 20.Qa6 e5 21.Bxe5 Qe4+  0-1

[Event "Lilie op"]
[Site "Litomysl"]
[Date "1997.??.??"]
[Round "2"]
[White "Badea, Bela"]
[Black "Helis, Tadeusz"]
[Result "1-0"]
[WhiteElo "2525"]
[BlackElo "2225"]

1.Nf3 Nf6 2.g3 b6 3.Bg2 Bb7 4.O-O e6 5.c4 c5 6.Nc3 Be7 7.d4 cxd4 8.Qxd4 d6
9.b3 O-O 10.Rd1 Nbd7 11.Bb2 a6 12.e4 Rc8 13.Re1 Rc7 14.Qe3 Qa8 15.Nd4 Rfc8
16.Rad1 Bf8 17.h3 g6 18.Re2 e5 19.Nc2 b5 20.cxb5 axb5 21.Nb4 Qa5 22.a3 Rxc3
23.Bxc3 Qxa3 24.Rb1 Bxe4 25.Bxe4 Nxe4 26.Be1 d5 27.Ra2 Bxb4 28.Rxa3 Bxa3
29.Qa7 Ndf6 30.Qxa3 d4 31.Qa6 Rd8 32.Qxb5 d3 33.Qa5 Rd5 34.Qa8+ Kg7 35.Bb4 Nd7
36.Qxd5  1-0

[Event "Minsk op"]
[Site "Minsk"]
[Date "1997.??.??"]
[Round "2"]
[White "Umanskaya, Irina"]
[Black "Sulskis, Sarunas"]
[Result "1/2-1/2"]
[WhiteElo "2330"]
[BlackElo "2525"]

1.Nf3 Nf6 2.c4 e6 3.g3 b6 4.Bg2 Bb7 5.O-O c5 6.Nc3 Be7 7.Re1 Ne4 8.Nxe4 Bxe4
9.d3 Bb7 10.e4 Nc6 11.d4 cxd4 12.Nxd4 Nxd4 13.Qxd4 O-O 14.Be3 Qc7 15.Bf4 Qc6
16.Rad1 Rfd8 17.b3 Rac8 18.Bd6 Bxd6 19.Qxd6 Qxd6 20.Rxd6 Kf8 21.f4 Ke7 22.Rd2 d6
23.Red1  1/2-1/2

[Event "Mondariz op"]
[Site "Mondariz"]
[Date "1997.??.??"]
[Round "?"]
[White "Diaz Nunez, Adolfo"]
[Black "Teijeiro, Barros Alberto"]
[Result "0-1"]
[WhiteElo "2145"]
[BlackElo "2200"]

1.Nf3 Nf6 2.c4 e6 3.g3 b6 4.Bg2 Bb7 5.O-O c5 6.Nc3 a6 7.Re1 d6 8.e4 Nbd7
9.d4 cxd4 10.Nxd4 Qc7 11.Be3 Be7 12.Rc1 O-O 13.f4 Rac8 14.f5 e5 15.Nb3 Nc5
16.Nxc5 dxc5 17.g4 Rfd8 18.Qe2 Ne8 19.g5 Nd6 20.b3 Bc6 21.Rf1 b5 22.f6 Bf8
23.h4 b4 24.Nd5 Bxd5 25.exd5 e4 26.Bf4 Re8 27.Bh3 Ra8 28.h5 Ra7 29.g6 gxf6
30.gxf7+ Qxf7 31.Be6 Rxe6 32.dxe6 Qxe6 33.h6 f5 34.Qg2+ Kh8 35.Rcd1 Nf7 36.Rd5 Qg6
37.Qxg6 hxg6 38.Kf2 Bxh6 39.Rh1 Kg7 40.Bxh6+ Nxh6 41.Rxc5 Ng4+ 42.Kg3 Kf6
43.Rh8 Kg5 44.Re8 Nf6 45.Re6 Nh5+ 46.Kf2 Nf4 47.Rd6 Nd3+ 48.Rxd3 exd3 49.Rd5 Rh7
50.Ra5 Rd7 51.Ke1 d2+ 52.Kd1 Rd6 53.c5 Rd5 54.Rxa6 Rxc5 55.Kxd2 Kh5 56.Rb6 Ra5
57.Rxb4 Rxa2+ 58.Ke3 g5 59.Rb8 Kg4 60.b4 f4+  0-1

[Event "Kasparov Cup"]
[Site "Moscow"]
[Date "1997.??.??"]
[Round "?"]
[White "Gratka, Krzysztof"]
[Black "Sargissian, Gabriel"]
[Result "1/2-1/2"]
[WhiteElo "2275"]
[BlackElo "2335"]

1.c4 Nf6 2.Nf3 c5 3.g3 b6 4.Bg2 Bb7 5.O-O e6 6.Nc3 Be7 7.d4 d6 8.b3 O-O 9.Bb2 a6
10.e3 Nbd7 11.Qe2 Qc7 12.Rad1 Rad8 13.e4 cxd4 14.Nxd4 Rfe8 15.f4 Nf8 16.Kh1 Qb8
17.Rde1 Qa8 18.h3 d5 19.e5 Bc5 20.exf6 Bxd4 21.fxg7 Bxg7 22.Qf3 d4 23.Ne4 f5
24.Nf6+ Bxf6 25.Qxb7 Qxb7 26.Bxb7 Re7 27.Bf3 Kf7 28.Rd1 d3 29.Bxf6 Kxf6 30.Rd2 Red7
31.Rfd1 Ng6 32.Kg2 e5 33.fxe5+ Nxe5 34.Bd5 b5 35.Kf2 bxc4 36.bxc4 Rc7 37.Ke3 Rxc4
38.Bxc4 Nxc4+ 39.Kf3 Nxd2+ 40.Rxd2 Kg5 41.Ke3 Re8+ 42.Kf3 Rd8 43.Ke3 h5 44.Rxd3 Rxd3+
45.Kxd3 h4 46.gxh4+ Kxh4 47.Ke3 Kg3 48.Ke2 Kg2 49.Ke3 Kg3 50.Ke2 f4 51.Kf1 a5
52.a4 Kxh3 53.Kf2 Kg4 54.Kg2 f3+ 55.Kf2 Kf4 56.Kf1  1/2-1/2

[Event "Moscow-ch"]
[Site "Moscow"]
[Date "1997.??.??"]
[Round "8"]
[White "Frog, Ilya"]
[Black "Kholmov, Ratmir D"]
[Result "1/2-1/2"]
[WhiteElo "2410"]
[BlackElo "2465"]

1.Nf3 Nf6 2.c4 e6 3.g3 b6 4.Bg2 Bb7 5.O-O c5 6.Nc3 Ne4 7.Qc2 Nxc3 8.Qxc3 Qf6
9.Qxf6 gxf6 10.d3 f5 11.Bd2 Bg7 12.Rab1 Nc6 13.a3 d6 14.b4 O-O-O 15.b5 Nd4
16.Nxd4 Bxd4 17.Rfc1 h5 18.h4 Rhg8 19.e3 Bf6 20.Bxb7+ Kxb7 21.Kf1 d5 22.Ke2 dxc4
23.Rxc4 Rd5 24.a4 Rgd8 25.Rb3 a5 26.bxa6+ Kxa6 27.Be1 R8d7 28.Rc1 Bd8 29.f3 Rb7
30.Bf2 Rdd7 31.Rc4 Be7 32.g4 fxg4 33.fxg4 hxg4 34.Rxg4 Rb8 35.Rg1 Rh8 36.Rgb1 Rd6
37.Bg3 Rc6 38.a5 bxa5 39.Rb7 Bd6 40.Bxd6 Rxd6 41.Rxf7 Rxh4 42.Rb8 Rh2+ 43.Kf3 Rxd3
44.Ke4 Rd5 45.Rc7 Rh4+ 46.Kf3 Rb4 47.Rc6+ Ka7 48.Re8 Rb6 49.Rc7+ Rb7 50.Rc6 Rb6
51.Rc7+ Ka6 52.Ra8+ Kb5 53.Rca7 Rf5+ 54.Ke4 Kc4 55.Rxa5 Kc3 56.Ra3+ Rb3 57.Rxb3+ Kxb3
58.Ra6 Rf6 59.Rb6+ Kc3 60.Rb1 Rf8 61.Rc1+ Kb4 62.Rb1+ Kc4 63.Rc1+ Kb5 64.Rb1+ Kc6
65.Ke5  1/2-1/2

[Event "NRW-Cup Masters op"]
[Site "Muenster"]
[Date "1997.??.??"]
[Round "3"]
[White "Beckhuis, Gernod"]
[Black "Roeder, Mathias"]
[Result "1/2-1/2"]
[WhiteElo "2260"]
[BlackElo "2435"]

1.Nf3 Nf6 2.c4 b6 3.g3 c5 4.Bg2 Bb7 5.O-O e6 6.Nc3 Be7 7.Re1 Ne4 8.Nxe4 Bxe4
9.d3 Bb7 10.e4 Nc6 11.d4 Nxd4 12.Nxd4 cxd4 13.Qxd4 O-O 14.Bf4 Bc5 15.Qd3 Qe7
16.Be5 f5 17.exf5 Bxg2 18.Kxg2 Rxf5 19.f4 Rd8 20.Rad1 Rf7 21.a3 a5 22.a4 g5
23.h4 gxf4 24.Bxf4 Qf6 25.b3  1/2-1/2

[Event "JUG-chT (Women)"]
[Site "Niksic"]
[Date "1997.??.??"]
[Round "3"]
[White "Kiseleva, Natalia"]
[Black "Maric, Alisa"]
[Result "1/2-1/2"]
[WhiteElo "2335"]
[BlackElo "2460"]

1.Nf3 Nf6 2.c4 b6 3.g3 Bb7 4.Bg2 e6 5.O-O c5 6.Nc3 Be7 7.Re1 d5 8.cxd5 exd5
9.d4 O-O 10.Bf4 Na6 11.Rc1 Ne4 12.dxc5 Naxc5 13.a3 Ne6 14.Be3 Rc8 15.Nb5 Rxc1
16.Qxc1 a6 17.Nbd4 Bf6 18.Bh3 Re8 19.Qc2 Nd6 20.b3 Nc5 21.Rc1 g6 22.Bd2 Qd7
23.Qb1 Nce4 24.Rc2 Rc8 25.Qc1 Rxc2 26.Qxc2 Qc8 27.Qxc8+ Nxc8 28.Kf1 b5 29.Ke1 Kf8
30.Nc2 Be7 31.Nfd4 f5 32.Bb4 Nb6 33.f3 Nf6 34.Ne3 Nbd7 35.Kf2 Bd6 36.Bc3 Nh5
37.g4 fxg4 38.fxg4 Nhf6 39.g5 Ne4+ 40.Kg2 Ke7 41.Be1 Nc3 42.Bd2 Nxe2 43.Nxe2 d4+
44.Kf2 dxe3+ 45.Kxe3 Nc5 46.b4 Ne6 47.Kf2 Be5 48.Bg4 Bxh2  1/2-1/2

[Event "JUG-chT"]
[Site "Niksic"]
[Date "1997.??.??"]
[Round "5"]
[White "Paunovic, Dragan"]
[Black "Raicevic, Ivica"]
[Result "1/2-1/2"]
[WhiteElo "2470"]
[BlackElo "2375"]

1.Nf3 Nf6 2.g3 b6 3.Bg2 Bb7 4.O-O e6 5.c4 c5 6.Nc3 Be7 7.b3 d6 8.Bb2 Nbd7
9.e3 O-O 10.Qe2 a6 11.Rfd1 Qc7 12.Rac1 Ne5 13.Nxe5 dxe5 14.d3 Bxg2 15.Kxg2 Rfd8
16.Ne4 Nxe4 17.dxe4 Rxd1 18.Rxd1 Rd8 19.f3 f6 20.Kf2 Rxd1 21.Qxd1 Qd6 22.Qc2 Qd7
23.g4 Bd8 24.Ke2 Kf7 25.Bc3 Bc7 26.Qb2 Qc6 27.Qd2 Qd6 28.Qe1 Qd7 29.a4 Kg8
30.h3 Kf7 31.Qa1 a5 32.Qf1 Qd6 33.Qf2 Kg8 34.Bd2 g5 35.h4 h6 36.Qg2 Kh7 37.Bc3 Qd8
38.Be1 Qd7 39.Bg3 Qd6 40.Qf2 Kg8 41.Qh2 Kg7 42.Be1 Qd8 43.Bc3 Bb8  1/2-1/2

[Event "Nova Gorica op"]
[Site "Nova Gorica"]
[Date "1997.??.??"]
[Round "6"]
[White "Sale, Srdjan"]
[Black "Rusjan, Miran"]
[Result "1-0"]
[WhiteElo "2425"]
[BlackElo "2225"]

1.Nf3 Nf6 2.g3 b6 3.Bg2 Bb7 4.O-O e6 5.c4 c5 6.Nc3 d6 7.Re1 Be7 8.e4 a6 9.d4 cxd4
10.Nxd4 Qc7 11.Be3 O-O 12.Rc1 Nbd7 13.f4 Rfe8 14.Bf2 h6 15.b4 Rac8 16.a3 Qb8
17.Qe2 Bf8 18.Nb3 Qa8 19.Nd2 Nh7 20.Qd3 Nhf6 21.Bf3 Red8 22.Kg2 a5 23.Ra1 axb4
24.axb4 Qb8 25.Reb1 g5 26.Qe2 Bg7 27.Ra3 g4 28.Bxg4 Nxg4 29.Qxg4 f5 30.Qe2 fxe4
31.Ncxe4 d5 32.Nc3 dxc4+ 33.Kh3 Qd6 34.Nde4 Qf8 35.Qg4 e5 36.Ra7 Rb8 37.Qe6+ Kh8
38.Nd6 exf4 39.Rxb7 Bxc3 40.Rxd7 Rxd7 41.Qxd7 Bg7 42.Nxc4 Rd8 43.Qe6 Re8
44.Qg4 Re4 45.Nd2 Re5 46.gxf4 h5 47.Qg3 Qf5+ 48.Kg2 Rd5 49.Ne4  1-0

[Event "RUS-chT"]
[Site "Orel"]
[Date "1997.??.??"]
[Round "?"]
[White "Makarov, Marat"]
[Black "Bondar, Ilya"]
[Result "1-0"]
[WhiteElo "2545"]
[BlackElo "2280"]

1.Nf3 Nf6 2.c4 e6 3.g3 b6 4.Bg2 Bb7 5.O-O c5 6.Nc3 Be7 7.Re1 d6 8.e4 a6 9.d4 cxd4
10.Nxd4 Qc7 11.Be3 O-O 12.Rc1 Nbd7 13.f4 Rfe8 14.g4 Nc5 15.Bf2 a5 16.g5 Nfd7
17.Ndb5 Qb8 18.Qd2 f6 19.h4 fxg5 20.hxg5 Nf8 21.Rcd1 Ng6 22.Bg3 Rd8 23.Qe3 Rd7
24.Bh3  1-0

[Event "Pinar del Rio"]
[Site "Pinar del Rio"]
[Date "1997.??.??"]
[Round "9"]
[White "Otero, Evelio"]
[Black "Ordonez, Francisco"]
[Result "1/2-1/2"]
[WhiteElo "2405"]
[BlackElo "2385"]

1.Nf3 Nf6 2.c4 e6 3.g3 b6 4.Bg2 Bb7 5.O-O c5 6.d4 cxd4 7.Qxd4 Be7 8.Nc3 O-O
9.Rd1 d6 10.b3 Nbd7 11.Bb2 a6 12.Ng5 Bxg2 13.Kxg2 Rc8 14.Nge4 Rc6 15.f3 Qb8
16.Nxf6+ Bxf6  1/2-1/2

[Event "ESP-chT"]
[Site "Ponferrada"]
[Date "1997.??.??"]
[Round "8"]
[White "Solana Suarez, Ernesto"]
[Black "Joanpera Morales, Antonio"]
[Result "0-1"]
[WhiteElo "2295"]
[BlackElo "2370"]

1.Nf3 Nf6 2.c4 e6 3.g3 b6 4.Bg2 Bb7 5.O-O c5 6.Nc3 Be7 7.Re1 O-O 8.e4 d6
9.d4 cxd4 10.Nxd4 Qc8 11.Be3 a6 12.Rc1 Nbd7 13.f4 Re8 14.Bf2 g6 15.Nb3 Bf8
16.Qe2 Qc7 17.Nd2 Rad8 18.a3 Qb8 19.b4 Bc6 20.Nb3 Qa8 21.g4 h5 22.h3 hxg4
23.hxg4 Qb8 24.Bf3 Ba8 25.Be3 Rc8 26.g5 Nh7 27.Kg2 Bg7 28.Red1 d5 29.exd5 e5
30.Ne4 exf4 31.Bd4 Bxd4 32.Nxd4 Nxg5 33.Ne6 Nxf3 34.Qxf3 fxe6 35.Qg4 Ne5
36.Nf6+ Kg7 37.Nxe8+ Rxe8 38.Qxf4 exd5 39.Re1 dxc4+ 40.Kg3 Nf7 41.Qxb8 Rxb8
42.Rxc4 Rd8 43.Rc7 Rd3+ 44.Kh2 Rxa3 45.Re6 b5 46.Rd6 Be4 47.Ra7 Rf3 48.Rd4 Bc2
49.Rxa6 Rf5 50.Rc6 Bb3 51.Rc5 Ne5 52.Kg2 Bc4 53.Rc7+ Kf6  0-1

[Event "CZE-ch U20"]
[Site "Prague"]
[Date "1997.??.??"]
[Round "3"]
[White "Stocek, Jiri"]
[Black "Oral, Tomas"]
[Result "1/2-1/2"]
[WhiteElo "2450"]
[BlackElo "2415"]

1.Nf3 Nf6 2.c4 e6 3.g3 b6 4.Bg2 Bb7 5.O-O c5 6.Nc3 Be7 7.b3 O-O 8.Bb2 d5
9.cxd5 Nxd5 10.Nxd5 Bxd5 11.Qb1 Bf6 12.Rd1 Bxb2 13.Qxb2 Nc6 14.d4 Qf6 15.Rd2 cxd4
16.Nxd4 Bxg2  1/2-1/2

[Event "CRO-Cup"]
[Site "Pula"]
[Date "1997.??.??"]
[Round "?"]
[White "Petrovic, Zvonko"]
[Black "Franic, Milan"]
[Result "1-0"]
[WhiteElo "2285"]
[BlackElo "2410"]

1.Nf3 Nf6 2.g3 b6 3.Bg2 Bb7 4.O-O c5 5.c4 e6 6.Nc3 Be7 7.d4 cxd4 8.Nxd4 Bxg2
9.Kxg2 Qc8 10.Qd3 O-O 11.e4 d6 12.b3 Nbd7 13.f4 Qb7 14.Qf3 Nc5 15.Re1 Rfe8
16.Ba3 Bf8 17.b4 Na6 18.b5 Nc5 19.Nc6 Nfd7 20.e5 Qc7 21.Rad1 Rec8 22.Re2 a6
23.Bxc5 Nxc5 24.exd6 Bxd6 25.Red2 Bf8 26.Ne4 axb5 27.cxb5 Ra3 28.Qxa3 Nxe4
29.Qb3 Nxd2 30.Rxd2 Ra8 31.a4 g6 32.Qd1 Re8 33.Rd7 Qc8 34.Ne5 Be7 35.Nc6 Bc5
36.Ra7 h5 37.Qc2 Bd6 38.a5 e5 39.fxe5 Qg4 40.h3 Qg5 41.Qf2 Kh8 42.exd6 Qd5+
43.Kh2 h4 44.Qf6+ Kg8 45.Ne7+ Rxe7 46.Rxe7 hxg3+ 47.Kxg3 Qd3+ 48.Kf2 Qc2+
49.Re2 Qc5+ 50.Kg2 Qxb5 51.Qe5 Qc6+ 52.Kh2 Kh7 53.axb6  1-0

[Event "EU-chT (Men)"]
[Site "Pula"]
[Date "1997.??.??"]
[Round "1"]
[White "Dizdarevic, Emir"]
[Black "Mantovani, Renzo"]
[Result "1-0"]
[WhiteElo "2540"]
[BlackElo "2365"]

1.Nf3 c5 2.g3 b6 3.Bg2 Bb7 4.O-O Nf6 5.c4 e6 6.Nc3 Be7 7.d4 cxd4 8.Qxd4 d6
9.Bg5 a6 10.Rfd1 Nbd7 11.Qd2 Rc8 12.b3 Qc7 13.Bf4 e5 14.Bg5 b5 15.Nh4 Bxg2
16.Bxf6 Nxf6 17.Nxg2 bxc4 18.Ne3 cxb3 19.Ncd5 Nxd5 20.Nxd5 Qb7 21.axb3 Bd8
22.b4 O-O 23.Qd3 Rc6 24.Rdc1 Rxc1+ 25.Rxc1 Qb5 26.Ra1 e4 27.Qxb5 axb5 28.Ra6 f5
29.Rxd6 Kf7 30.Rc6 Re8 31.Rc5 Re5 32.Rxb5 Be7 33.f4 exf3 34.exf3 g5 35.f4 gxf4
36.gxf4 Re1+ 37.Kf2 Rd1 38.Nxe7 Kxe7 39.Rxf5 Rd2+ 40.Kg3 Rb2 41.b5 Ke6 42.Rc5 Kf6
43.h4 Rb1 44.Kf3 Re1 45.Rh5 Kg6 46.Rg5+ Kf6 47.Rc5 Rb1 48.Ke4 Ke6 49.f5+ Kd6
50.Rd5+ Ke7 51.Ke5 Re1+ 52.Kd4 Rh1 53.b6 Rxh4+ 54.Kc5  1-0

[Event "EU-chT (Men)"]
[Site "Pula"]
[Date "1997.??.??"]
[Round "2"]
[White "Daly, Colm"]
[Black "Cvitan, Ognjen"]
[Result "1/2-1/2"]
[WhiteElo "2310"]
[BlackElo "2550"]

1.Nf3 Nf6 2.c4 b6 3.g3 Bb7 4.Bg2 e6 5.O-O c5 6.b3 Be7 7.Bb2 O-O 8.Nc3 d5
9.cxd5 exd5 10.d4 Na6 11.Rc1 Re8 12.e3 Ne4 13.Ne2 Rc8 14.Nf4 Bf8 15.dxc5 bxc5
16.Nd2  1/2-1/2

[Event "EU-chT (Men)"]
[Site "Pula"]
[Date "1997.??.??"]
[Round "9"]
[White "Frois, Antonio"]
[Black "Mantovani, Renzo"]
[Result "1/2-1/2"]
[WhiteElo "2350"]
[BlackElo "2365"]

1.Nf3 c5 2.c4 Nf6 3.g3 b6 4.Bg2 Bb7 5.O-O e6 6.Nc3 d6 7.d4 cxd4 8.Qxd4 a6
9.Rd1 Nbd7 10.Bg5 Be7 11.Nd2 Bxg2 12.Kxg2 Rc8 13.Nde4 Rc6 14.Bxf6 Bxf6 15.Nxf6+ Nxf6
16.Rd3 O-O 17.Rad1 Qc7 18.b3 Rc8 19.Ne4 Nxe4 20.Qxe4 h6 21.Qf4 Rd8 22.a4 b5
23.axb5 axb5 24.cxb5 Rb6 25.e4 Rxb5 26.Rxd6  1/2-1/2

[Event "Salsomaggiore op"]
[Site "Salsomaggiore"]
[Date "1997.??.??"]
[Round "4"]
[White "Caposciutti, Maurizio"]
[Black "Iotti, Pierluigi"]
[Result "1/2-1/2"]
[WhiteElo "2300"]
[BlackElo "2290"]

1.Nf3 e6 2.c4 b6 3.g3 Bb7 4.Bg2 Nf6 5.O-O c5 6.b3 Be7 7.Bb2 O-O 8.e3 d6 9.Qe2 Nbd7
10.d3 Qc7 11.Nc3 a6 12.Rfd1 Rfe8 13.Rac1 Rac8 14.Qf1 Qb8 15.Ne1 Qa8 16.Bxb7 Qxb7
17.Qg2 Qxg2+ 18.Kxg2 Red8  1/2-1/2

[Event "SVK-chT1W 9798"]
[Site "SVK"]
[Date "1997.??.??"]
[Round "?"]
[White "Sukuba, Zdenek"]
[Black "Gorusa, Miroslav"]
[Result "1/2-1/2"]
[WhiteElo "2180"]
[BlackElo "2200"]

1.Nf3 Nf6 2.c4 e6 3.g3 b6 4.Bg2 Bb7 5.O-O c5 6.Nc3 Be7 7.Re1 O-O 8.e4 d5
9.cxd5 exd5 10.e5 Ne8 11.d4 Nc7 12.h4 Nc6 13.dxc5 bxc5 14.Ng5 h6 15.Nh3 d4
16.Na4 Qd7 17.Nf4 Rfe8 18.Bh3 Ne6 19.b3 Nb4 20.Nb2 Nd5 21.Nxe6 fxe6 22.Qg4 Bf8
23.Bxh6 Nb4 24.Rec1 Qd5 25.Kh2 d3 26.Nc4 Nc2 27.Ne3 Nxe3 28.Bxe3 Qxe5 29.Bg2 Bxg2
30.Kxg2 Rad8 31.Rd1 Qd5+ 32.Qf3 e5 33.Qxd5+ Rxd5 34.f3 e4 35.fxe4 Rxe4 36.Kf3 Re6
37.Rac1 Rf5+ 38.Bf4 Re2 39.Rxd3 Rxa2 40.Rd8 Kh7 41.Rd7 Ra3 42.Rc3 Rf6 43.Ke4 Rb6
44.Rdd3 Be7  1/2-1/2

[Event "SWZ-chT9697"]
[Site "SWZ"]
[Date "1997.??.??"]
[Round "?"]
[White "Hirzel, Rene"]
[Black "Milosevic, Goran"]
[Result "0-1"]
[WhiteElo "2190"]
[BlackElo "2370"]

1.c4 c5 2.Nf3 Nf6 3.g3 b6 4.Bg2 Bb7 5.O-O e6 6.Nc3 Be7 7.d4 cxd4 8.Qxd4 d6
9.b3 O-O 10.Ba3 Na6 11.Rfd1 Nc5 12.Rac1 a6 13.Ne1 Bxg2 14.Nxg2 Qc7 15.b4 Nb7
16.Bb2 Rfd8 17.Na4 Qc6 18.Qxb6 Qxa4 19.Qxb7 Qxa2 20.Bxf6 Bxf6 21.Rxd6 Qxe2
22.Ne3 Rxd6 23.Qxa8+ Rd8 24.Qxa6 h5 25.h4 Qb2 26.Rc2 Qxb4 27.c5 Bd4 28.Qd3 Rc8
29.c6 Qb1+ 30.Kg2 Bxe3 31.fxe3 Rxc6 32.Qd8+ Kh7 33.Rxc6 Qe4+ 34.Kh2 Qxc6
35.Qg5 Qf3 36.Qe5 Qf2+ 37.Kh1 Qf5 38.Qd4 Qh3+  0-1

[Event "Tampere We TaSY op"]
[Site "Tampere"]
[Date "1997.??.??"]
[Round "5"]
[White "Kytoniemi, Jyrki"]
[Black "Tolonen, Leo Toivovich"]
[Result "1/2-1/2"]
[WhiteElo "2205"]
[BlackElo "2330"]

1.Nf3 Nf6 2.g3 b6 3.Bg2 Bb7 4.O-O c5 5.c4 e6 6.Nc3 Be7 7.b3 d5 8.cxd5 Nxd5
9.Nxd5 Bxd5 10.Bb2 Bf6 11.Bxf6 Qxf6 12.d4 cxd4  1/2-1/2